| 000 | 01132nam a2200241 a 4500 | ||
|---|---|---|---|
| 003 | DO-SdBNP | ||
| 005 | 20220830151014.0 | ||
| 007 | ta | ||
| 008 | 220830e20202022|||aaobgrz||| 001 0 spa d | ||
| 040 |
_aDO-SdBNP _bspa _cBNPHU |
||
| 082 | 4 |
_222 _bR426c |
|
| 110 | 1 |
_922040 _aRepública Dominicana _bMuseo Nacional de Historia Natural Prof, Eugenio de Jesús Marcano |
|
| 245 | 1 | 0 |
_aCarta compromiso al ciudadano: _bvigencia: agosto 2020 - agosto 2022. / _cPrólogo, Celeste Mir |
| 260 |
_aSanto Domingo : _bMuseo Nacional de Historia Natural prof. Eugenio de Jesús Marcano, _c2022 |
||
| 300 |
_a30 p. : _bil., fotogr., mapas. _c28 cm. |
||
| 505 |
_t1. Información de carácter general y legal.-- _t2. Compromisos de calidad ofrecidos.-- _t3. Quejas, sugerencias y medidas de subsanación.-- _t4. Información complementaria.-- |
||
| 590 | _aInventariado 2022 / MF | ||
| 600 | 4 |
_aMuseo Nacional de Historia Natural (República Dominicana) _tCarta de Compromiso al Ciudadano _y2020 - 2022 _982290 |
|
| 650 | 4 |
_980902 _aServicios públicos _zRepública Dominicana |
|
| 700 | 1 |
_978449 _aMir , Celeste |
|
| 910 | _aMFeliz | ||
| 942 |
_2ddc _cLF2 |
||
| 999 |
_c52342 _d52342 |
||